| 000 | 01342nam a2200361 a 4500 | ||
|---|---|---|---|
| 999 |
_c101932 _d101932 |
||
| 003 | BLK | ||
| 005 | 20250725164831.0 | ||
| 008 | 180409b bul|||||r ||||||| ||bul|| | ||
| 010 | _aKNG00106989000 | ||
| 020 | _a978-954-660-005-9 | ||
| 040 | _aBLK | ||
| 041 |
_aBUL _cBUL |
||
| 080 |
_aЛитература на отделни езици и езикови семейства _b821 _x-93-34 _z821-93-34 |
||
| 139 |
_aМалката млекарка и други приказки _bМ 23 |
||
| 245 | 1 | 0 |
_aМалката млекарка и други приказки _cхудож. Кирил Танев Танев. |
| 257 | _aSB | ||
| 260 |
_aСофия _bПАН _c2011 |
||
| 300 |
_a16 с. _bс цв. ил. _c27 см |
||
| 380 | _aDX | ||
| 490 |
_aПриказки с поука _9206415 |
||
| 500 | _aСъдържа и Български народни пословици. | ||
| 653 | _aприказки | ||
| 653 | _aбасни | ||
| 653 | _aпословици | ||
| 700 | 1 |
_aТанев, Кирил Танев _eхудож. _9291988 |
|
| 852 | _aЦб ІІ 17236 | ||
| 856 | 4 |
_qpdf _i0.00 _ldisable |
|
| 856 | 4 |
_qpdf _i0.00 _ldisable |
|
| 942 |
_cKNG _n0 _014 _s1 |
||
| 944 |
_aCR _c17.05.2012 _lЦветелина Шанова _k30531 |
||
| 944 |
_aED _c13.10.2017 _lф / _kВиолета_Тройчева |
||
| 999 | _d101932 | ||